| 000 | 00500 a2200181 4500 | ||
|---|---|---|---|
| 005 | 20250417083126.0 | ||
| 020 | _a9788177540147 | ||
| 050 |
_aSB453 _bDEY 2006 |
||
| 100 |
_aDey, S. C _eauthor |
||
| 245 |
_aComplete home gardening / _cS. C. Dey |
||
| 264 |
_aNew Delhi : _bAgrobios, _c2010 |
||
| 300 |
_a267 pages : _billustrations |
||
| 336 |
_2rdacontent _atext _btxt |
||
| 337 |
_2rdamedia _aunmediated _bn |
||
| 338 |
_2rdacarrier _avolume _bnc |
||
| 650 | _aGardening | ||
| 942 |
_2lcc _cBK _h453 _iDEY _kSB |
||
| 999 |
_c5769 _d5769 |
||